Ultrasonic distance measurement; Неразрушающий контроль: электронное приборостроение, технологии, безопасность; Т. 2

Dades bibliogràfiques
Parent link:Неразрушающий контроль: электронное приборостроение, технологии, безопасность: сборник трудов V Всероссийской научно-практической конференции студентов, аспирантов и молодых учёных, Томск, 25-29 мая 2015 г./ Национальный исследовательский Томский политехнический университет (ТПУ).— , 2015
Т. 2.— 2015.— [С. 457-459]
Autor principal: Ju Yangyang
Autor corporatiu: Национальный исследовательский Томский политехнический университет (ТПУ) Институт неразрушающего контроля (ИНК) Кафедра промышленной и медицинской электроники (ПМЭ)
Altres autors: Soldatov A. I. Aleksey Ivanovich (научный руководитель), Mylnikova T. S. Tatyana Stepanovna
Sumari:Заглавие с титульного экрана
Idioma:anglès
Publicat: 2015
Col·lecció:Electrical Engineering and Non-Destructive Testing
Matèries:
Accés en línia:http://earchive.tpu.ru/handle/11683/23678
http://www.lib.tpu.ru/fulltext/c/2015/C36/V2/131.pdf
Format: MixedMaterials Electrònic Capítol de llibre
KOHA link:https://koha.lib.tpu.ru/cgi-bin/koha/opac-detail.pl?biblionumber=614410

MARC

LEADER 00000naa2a2200000 4500
001 614410
005 20231101132815.0
035 |a (RuTPU)RU\TPU\conf\12580 
090 |a 614410 
100 |a 20150924d2015 k y0rusy50 ba 
101 0 |a eng 
102 |a RU 
105 |a y z 101zy 
135 |a drgn ---uucaa 
181 0 |a i  
182 0 |a b 
200 1 |a Ultrasonic distance measurement  |f Ju Yangyang  |g sci. adv. A. I. Soldatov, T. S. Mylnikova 
203 |a Text  |c electronic 
225 1 |a Electrical Engineering and Non-Destructive Testing 
230 |a 1 компьютерный файл (pdf; 227 Kb) 
300 |a Заглавие с титульного экрана 
337 |a Adobe Reader 
461 1 |0 (RuTPU)RU\TPU\conf\12353  |t Неразрушающий контроль: электронное приборостроение, технологии, безопасность  |o сборник трудов V Всероссийской научно-практической конференции студентов, аспирантов и молодых учёных, Томск, 25-29 мая 2015 г.  |o в 2 т.  |f Национальный исследовательский Томский политехнический университет (ТПУ)  |d 2015 
463 1 |0 (RuTPU)RU\TPU\conf\12355  |t Т. 2  |v [С. 457-459]  |d 2015 
610 1 |a труды учёных ТПУ 
610 1 |a электронный ресурс 
610 1 |a ультразвуковые измерения 
610 1 |a расстояния 
610 1 |a ультразвук 
700 0 |a Ju Yangyang 
702 1 |a Soldatov  |b A. I.  |c specialist in the field of electronics  |c Associate Professor of Tomsk Polytechnic University, Candidate of technical sciences  |f 1958-  |g Aleksey Ivanovich  |2 stltpush  |4 727 
702 1 |a Mylnikova  |b T. S.  |c linguist  |c Senior Lecturer of Tomsk Polytechnic University  |f 1959-  |g Tatyana Stepanovna  |2 stltpush  |4 727 
712 0 2 |a Национальный исследовательский Томский политехнический университет (ТПУ)  |b Институт неразрушающего контроля (ИНК)  |b Кафедра промышленной и медицинской электроники (ПМЭ)  |h 64  |2 stltpush  |3 (RuTPU)RU\TPU\col\18719 
801 2 |a RU  |b 63413507  |c 20210209  |g RCR 
856 4 |u http://earchive.tpu.ru/handle/11683/23678 
856 4 |u http://www.lib.tpu.ru/fulltext/c/2015/C36/V2/131.pdf 
942 |c BK